[Event "British Rapidplay"]
[Site "Peterborough"]
[Date "2024.03.02"]
[Round "6"]
[White "Veeturi, Yashvardhan"]
[Black "Ganti, Shriaansh"]
[Result "0-1"]
[WhiteElo "1713"]
[BlackElo "1780"]
[PlyCount "62"]
[EventDate "2024.03.02"]
[EventType "swiss (rapid)"]
[EventRounds "11"]
[EventCountry "ENG"]
[SourceTitle "CB10_2024"]
[SourceDate "2024.03.06"]
[SourceVersion "1"]
[SourceVersionDate "2024.03.06"]
[SourceQuality "1"]

1. e4 c5 2. Nc3 Nc6 3. Bb5 a6 4. Bxc6 bxc6 5. Nf3 d5 6. d4 e6 7. Be3 cxd4 8. Bxd4 Nf6 9. exd5 cxd5 10. 0-0 Bd6 11. Qd2 Bd7 12. Be5 Bxe5 13. Nxe5 0-0 14. b3 Qc7 15. f4 Rfc8 16. Rf3 Be8 17. Qd4 Qc5 18. Rd1 Rc7 19. Qxc5 Rxc5 20. Rdd3 Rac8 21. b4 R5c7 22. a4 Ne4 23. Nd1 Bxa4 24. c4 dxc4 25. Rd4 Nf6 26. Rc3 Bb5 27. Ne3 h6 28. N3xc4 Nd5 29. Rc1 f6 30. Nd3 Rxc4 31. Re1 Rxd4 0-1

[Event "BCF-chT4 2223 (4NCL)"]
[Site "England"]
[Date "2023.05.01"]
[Round "11.113"]
[White "Wong, Chun Hei"]
[Black "Veeturi, Yashvardhan"]
[Result "1-0"]
[WhiteElo "1890"]
[BlackElo "1511"]
[PlyCount "35"]
[EventDate "2022.11.05"]
[EventType "team-swiss"]
[EventRounds "11"]
[EventCountry "ENG"]
[SourceTitle "EXT 2024"]
[Source "ChessBase"]
[SourceDate "2023.10.10"]
[SourceVersion "1"]
[SourceVersionDate "2023.10.10"]
[SourceQuality "1"]
[WhiteTeam "Average Wood Pushers II"]
[BlackTeam "Cambridge University"]
[WhiteTeamCountry "ENG"]
[BlackTeamCountry "ENG"]

1. d4 d5 2. c4 c6 3. cxd5 cxd5 4. Nc3 Nf6 5. f3 Nc6 6. e4 e6 7. e5 Nd7 8. f4 f6 9. Nf3 fxe5 10. fxe5 Be7 11. Bd3 0-0 12. 0-0 Qb6 13. Kh1 Rf7 14. Bxh7+ Kxh7 15. Ng5+ Bxg5 16. Qh5+ Bh6 17. Rxf7 Kg8 18. Bxh6 1-0

[Event "BCF-chT4 2223 (4NCL)"]
[Site "England"]
[Date "2022.11.06"]
[Round "2.96"]
[White "Bradley, Eric"]
[Black "Veeturi, Yashvardhan"]
[Result "0-1"]
[WhiteElo "1237"]
[BlackElo "1511"]
[PlyCount "88"]
[EventDate "2022.11.05"]
[EventType "team-swiss"]
[EventRounds "11"]
[EventCountry "ENG"]
[SourceTitle "EXT 2024"]
[Source "ChessBase"]
[SourceDate "2023.10.10"]
[SourceVersion "1"]
[SourceVersionDate "2023.10.10"]
[SourceQuality "1"]
[WhiteTeam "War and Piece II"]
[BlackTeam "Cambridge University"]
[WhiteTeamCountry "ENG"]
[BlackTeamCountry "ENG"]

1. e4 c6 2. Nf3 d5 3. e5 Bg4 4. d4 c5 5. c3 Nc6 6. Bb5 e6 7. Bxc6+ bxc6 8. Be3 cxd4 9. cxd4 Bb4+ 10. Nbd2 Bxd2+ 11. Bxd2 Qb6 12. h3 Bxf3 13. Qxf3 Qxd4 14. Bc3 Qb6 15. Qe4 Kf8 16. 0-0 Nh6 17. Qb4+ c5 18. Qxb6 axb6 19. g4 Ng8 20. a4 Ne7 21. f4 h5 22. g5 Nf5 23. a5 bxa5 24. Rxa5 Rxa5 25. Bxa5 Ke7 26. Bb6 c4 27. Ra1 Kd7 28. Ra7+ Kc6 29. Bf2 d4 30. Rxf7 d3 31. Ra7 d2 32. Ra1 Rd8 33. Rd1 Nd4 34. Bxd4 Rxd4 35. f5 exf5 36. Kf2 Kd5 37. Ke3 Kxe5 38. Rxd2 Rxd2 39. Kxd2 Kd4 40. g6 f4 41. Ke1 Ke3 42. Kf1 Kf3 43. Kg1 Ke2 44. Kg2 f3+ 0-1

[Event "London Mindsports Blitz"]
[Site "London"]
[Date "2022.09.11"]
[Round "6.12"]
[White "Pollack, Maximo"]
[Black "Veeturi, Yashvardhan"]
[Result "0-1"]
[WhiteElo "1250"]
[BlackElo "1370"]
[PlyCount "54"]
[EventDate "2022.09.11"]
[EventType "swiss (blitz)"]
[EventRounds "9"]
[EventCountry "ENG"]
[SourceTitle "CBM 210 Extra"]
[Source "ChessBase"]
[SourceDate "2022.11.30"]
[SourceVersion "1"]
[SourceVersionDate "2022.11.30"]
[SourceQuality "1"]

1. e4 c5 2. Nf3 Nc6 3. Bb5 g6 4. Bxc6 bxc6 5. c4 Bg7 6. Nc3 d6 7. Qc2 Nf6 8. 0-0 0-0 9. d3 Bg4 10. Ne1 Qc8 11. f3 Bd7 12. Bf4 Nh5 13. Be3 Rb8 14. Rb1 a6 15. a4 Qb7 16. g4 Nf6 17. b3 Ne8 18. Rb2 Qc8 19. h3 Nc7 20. Ng2 Ne6 21. Rfb1 Nd4 22. Bxd4 Bxd4+ 23. Kh1 h5 24. Qe2 hxg4 25. fxg4 Kg7 26. Qe1 Rh8 27. Qg3 Bxg4 0-1

[Event "London Mindsports Blitz"]
[Site "London"]
[Date "2022.09.11"]
[Round "5.12"]
[White "Veeturi, Yashvardhan"]
[Black "Horwood, Alexander"]
[Result "1-0"]
[WhiteElo "1370"]
[BlackElo "1118"]
[PlyCount "33"]
[EventDate "2022.09.11"]
[EventType "swiss (blitz)"]
[EventRounds "9"]
[EventCountry "ENG"]
[SourceTitle "CBM 210 Extra"]
[Source "ChessBase"]
[SourceDate "2022.11.30"]
[SourceVersion "1"]
[SourceVersionDate "2022.11.30"]
[SourceQuality "1"]

1. e4 b6 2. Nc3 Bb7 3. d4 e6 4. Nf3 Bb4 5. Bd3 d5 6. e5 Ne7 7. a3 Bxc3+ 8. bxc3 Nd7 9. Bg5 0-0 10. 0-0 c5 11. Qd2 c4 12. Be2 h6 13. Bxh6 gxh6 14. Qxh6 Ng6 15. Ng5 Nf6 16. exf6 Nh8 17. Qg7# 1-0

[Event "Leamington Spa 4NCL op-C 28th"]
[Site "Leamington Spa"]
[Date "2022.07.08"]
[Round "1"]
[White "Veeturi, Yashvardhan"]
[Black "Oliver, Peter JR"]
[Result "0-1"]
[WhiteElo "1334"]
[BlackElo "1650"]
[PlyCount "50"]
[EventDate "2022.07.08"]
[EventType "swiss"]
[EventRounds "5"]
[EventCountry "ENG"]
[SourceTitle "CBM 209 Extra"]
[Source "ChessBase"]
[SourceDate "2022.09.30"]
[SourceVersion "1"]
[SourceVersionDate "2022.09.30"]
[SourceQuality "1"]

1. c4 Nf6 2. Nc3 g6 3. d4 Bg7 4. e4 d6 5. h3 0-0 6. Nf3 Nbd7 7. Bd3 e5 8. d5 Nc5 9. 0-0 Ne8 10. Bg5 f6 11. Be3 Nxd3 12. Qxd3 f5 13. Bg5 Nf6 14. Qe3 f4 15. Bxf6 Qxf6 16. Qe2 a6 17. b4 g5 18. Nh2 Qg6 19. Qf3 h5 20. Qd3 g4 21. hxg4 hxg4 22. c5 f3 23. g3 Qh5 24. cxd6 Qh3 25. dxc7 Qg2# 0-1

[Event "Hammersmith CC op U1500"]
[Site "London"]
[Date "2022.06.05"]
[Round "4"]
[White "Yang, Rachel"]
[Black "Veeturi, Yashvardhan"]
[Result "1-0"]
[WhiteElo "1154"]
[BlackElo "1302"]
[PlyCount "39"]
[EventDate "2022.06.04"]
[EventType "swiss"]
[EventRounds "5"]
[EventCountry "ENG"]
[SourceTitle "CBM 208 Extra"]
[Source "ChessBase"]
[SourceDate "2022.07.31"]
[SourceVersion "1"]
[SourceVersionDate "2022.07.31"]
[SourceQuality "1"]

1. e4 e5 2. Nf3 Nc6 3. Bb5 Nf6 4. 0-0 a6 5. Ba4 b5 6. Bb3 Bc5 7. Nxe5 Bxf2+ 8. Rxf2 Nxe5 9. d4 Nc4 10. Bxc4 bxc4 11. Bg5 0-0 12. e5 h6 13. Bxf6 gxf6 14. Rxf6 Bb7 15. Qg4+ Kh7 16. Qf5+ Kg7 17. Nd2 Bd5 18. Rf1 Rb8 19. Rf4 Be6 20. Rg4+ 1-0

[Event "Daventry 4NCL Easter op-C 2nd"]
[Site "Daventry"]
[Date "2022.04.17"]
[Round "4"]
[White "Veeturi, Yashvardhan"]
[Black "Patel, Diah Dipal"]
[Result "0-1"]
[WhiteElo "1165"]
[BlackElo "1318"]
[PlyCount "92"]
[EventDate "2022.04.15"]
[EventType "swiss"]
[EventRounds "7"]
[EventCountry "ENG"]
[SourceTitle "CBM 207 Extra"]
[Source "ChessBase"]
[SourceDate "2022.05.31"]
[SourceVersion "1"]
[SourceVersionDate "2022.05.31"]
[SourceQuality "1"]

1. e4 e5 2. Nf3 Nc6 3. d4 exd4 4. Nxd4 Nxd4 5. Qxd4 Nf6 6. Bg5 Be7 7. Nc3 d6 8. h3 h6 9. Bh4 g5 10. Bg3 Be6 11. 0-0-0 c5 12. Qd2 a5 13. Bxd6 a4 14. Bb5+ Bd7 15. e5 Bxb5 16. exf6 Bxd6 17. Rhe1+ Kf8 18. Qxd6+ Qxd6 19. Rxd6 Bc6 20. Red1 Ke8 21. Nd5 Bxd5 22. R6xd5 Rg8 23. Rxc5 Rg6 24. Re5+ Kf8 25. Ra5 Rc8 26. Rd6 g4 27. h4 g3 28. f3 Re8 29. Kd2 Kg8 30. Rxa4 b5 31. Rad4 Kh7 32. Rg4 Reg8 33. Rxg6 fxg6 34. Rd7+ Kh8 35. f7 Rf8 36. Re7 Kg7 37. Kc3 Rc8+ 38. Kb4 Rxc2 39. Kb3 Rxg2 40. Re1 Rf2 41. Rg1 Rxf3+ 42. Kc2 Rf2+ 43. Kd1 g2 44. Ke1 Rxb2 45. a3 Kxf7 46. Kd1 Rb1+ 0-1